[Event "Montreal op"]
[Site "Montreal"]
[Date "1988.09.05"]
[Round "5"]
[White "Boisseau, Lisanne"]
[Black "Charest, Johanne"]
[Result "0-1"]
[WhiteElo "1315"]
[BlackElo "1355"]
[PlyCount "44"]
[EventDate "1988.09.03"]
[EventType "swiss"]
[EventRounds "6"]
[EventCountry "CAN"]
[SourceTitle "EXT 2022"]
[Source "ChessBase"]
[SourceDate "2021.10.06"]
[SourceVersion "1"]
[SourceVersionDate "2021.10.06"]
[SourceQuality "1"]

1. e4 e5 2. Nf3 Nc6 3. Nc3 Bc5 4. Bb5 Nf6 5. 0-0 d6 6. Bxc6+ bxc6 7. d3 h6 8. d4 exd4 9. Nxd4 Bd7 10. Re1 0-0 11. e5 dxe5 12. Rxe5 Bg4 13. Qd3 Bxd4 14. Bxh6 Bxe5 15. Qe3 gxh6 16. Qxe5 Qd6 17. Qe3 Kg7 18. Re1 Rfe8 19. Qc1 Rxe1+ 20. Qxe1 Re8 21. Qc1 Qf4 22. Qf1 Qd2 0-1